000 00334nam a2200133 a 4500
008 110105s1963|||| d
100 1 _aMarkx, Karol
700 1 _aEngels, Fridrich
245 1 0 _aSvätá rodina
_ba iné raná filozofické spisy
260 _bVPL
_aBratislava
_c1963
020 _c11
044 _axo
_cSK
041 _aslo
999 _c15482
_d15482